Country Artists That Topped the Billboard Hot 100 - Statistics

General Stats
  • This quiz has been taken 41 times
    6 since last reset
  • The average score is 9 of 23
Answer Stats
Artist % Correct
Morgan Wallen
83%
Shaboozey
67%
Dolly Parton
50%
Post Malone
50%
B.J. Thomas
33%
Bobby Goldsboro
33%
Charlie Rich
33%
C.W. McCall
33%
Eddie Rabbitt
33%
Freddy Fender
33%
Glen Campbell
33%
Jason Aldean
33%
Jeannie C. Riley
33%
Jimmy Dean
33%
John Denver
33%
Kacey Musgraves
33%
Kenny Rogers
33%
Lonestar
33%
Marty Robbins
33%
Oliver Anthony
33%
Taylor Swift
33%
Zach Bryan
33%
Al Dexter and His Troopers
17%
No matching quizzes found
Score Distribution
Percent of People with Each Score
Percentile by Number Answered
Your Score History
You have not taken this quiz since the last reset